Die Top 16 aller PDC Dartsspieler 2001 - Statistiken

Allgemein
  • Dieses Quiz wurde 22 mal gespielt
  • Das Durchschnittsergebnis liegt bei 7 aus 16
Antwortstatistiken
Weltranglistenplatz Land Dartsspieler % Korrekt
1 England Phil Taylor
100%
8 England Dennis Priestley
83%
3 Kanada John Part
83%
2 England Alan Warriner-Little
61%
4 England Peter Manley
56%
7 England Rod Harrington
56%
13 Niederlande Roland Scholten
56%
6 England Dennis Smith
50%
10 England John Lowe
44%
16 England Peter Evison
33%
15 England Ronnie Baxter
33%
11 Wales Richie Burnett
28%
9 England Keith Deller
17%
5 England Shayne Burgess
17%
14 England Dave Askew
11%
12 England Alex Roy
6%
Keine übereinstimmenden Quizze gefunden
Verteilung der Resultate
Anzahl Personen mit jedem Resultat
Perzentil nach korrekt beantworteten Fragen
Ihre Resultats-Entwicklung
Sie haben dieses Quiz noch nicht gespielt